Statistiques concernant Pays membres des BRICS

Cliquez ici pour prendre le quiz!

Statistiques générales

  • Ce quiz a été pris 25 584 fois
    (16 211 depuis la dernière actualisation)
  • Le résultat moyen est 7 sur 10

Statistiques - réponses

Pays% Correct
Russie
97%
Brésil
96%
Chine
96%
Inde
95%
Afrique du Sud
83%
Arabie Saoudite
47%
Égypte
43%
Iran
43%
Émirats Arabes Unis
33%
Éthiopie
26%

Distribution des résultats

Percentile par nombre de réponses

% des personnes avec chaque résultat

Votre développement - résultats

Vous n’avez pas pris ce quiz depuis la dernière actualisation